000 00312nam a2200133Ia 4500
100 _aSatyanarayana/M/ Raman/L
942 _cBK
654 _amanagement
245 _aManagement operation Research
260 _bHimalaya pub.house
_aBombay
_c1984
082 _a658.4032
_bSAT
300 _a463
546 _aENGLISH
999 _c23458
_d23458